| 000 | 00373nam a2200133 a 4500 | ||
|---|---|---|---|
| 001 | 000046137 | ||
| 005 | 20201002052648.0 | ||
| 008 | 150625s2005 dr 000 0 spa d | ||
| 040 |
_aDO-SdBNP _bspa _cBNPHU |
||
| 082 |
_axxxx _bxxxx |
||
| 245 | 0 | 0 | _aPor un movimiento nacional de unidad. |
| 260 |
_aSanto Domingo : _bUnión Patriótica-UPA, _c2005. |
||
| 300 |
_a28 P. ; _c21 cm. |
||
| 999 |
_c45626 _d45626 |
||